It looks like you're offline.
Open Library logo
additional options menu

MARC record from Internet Archive

LEADER: 04560cam 2200913 i 4500
001 ocn978295127
003 OCoLC
005 20220325203450.0
008 170323s2016 stka ob 000 0 eng d
006 m o d
007 cr cnu---unuuu
040 $aN$T$beng$erda$epn$cN$T$dIDEBK$dOCLCF$dN$T$dOCLCQ$dOCL$dOCLCA$dMQY$dOCLCO$dINARC$dOCLCQ
019 $a964359582$a980824390
020 $a9781495650321$q(electronic bk.)
020 $a1495650324$q(electronic bk.)
020 $a9780857903334$q(ebook)
020 $a0857903330$q(ebook)
020 $z9781909715424
020 $z1909715425
020 $z9781927262863
020 $z1927262860
020 $z1909715506
020 $z9781909715509
035 $a(OCoLC)978295127$z(OCoLC)964359582$z(OCoLC)980824390
037 $a956250$bMIL
043 $au-nz---
050 4 $aGV945.9
072 7 $aGAM$x004050$2bisacsh
072 7 $aSPO$x068000$2bisacsh
072 7 $aSPO$x012000$2bisacsh
072 7 $aSPO$x019000$2bisacsh
072 7 $aSPO$x033000$2bisacsh
072 7 $aTRV$x026080$2bisacsh
072 7 $aSPO$2ukslc
082 04 $a796.333650993$223
100 1 $aJohnson, Tony,$d1959-$eauthor.
245 10 $aBehind the silver fern /$cTony Johnson, Lynn McConnell.
246 30 $aSilver fern
250 $a[North American version]
264 1 $aEdinburgh :$bPolaris Publishing ;$aEdinburgh :$bArena Sport ;$aAuckland, New Zealand :$bMower Books,$c2016.
264 4 $c©2016
300 $a1 online resource (v, 469 pages) :$billustrations (some colour)
336 $atext$btxt$2rdacontent
337 $acomputer$bc$2rdamedia
338 $aonline resource$bcr$2rdacarrier
500 $a"The players speak"--Cover
504 $aIncludes bibliographical references.
520 $a"Go behind the scenes with the world's most successful sports team. This is a complete history of the All Blacks told by the players themselves. From the legendary 1905 "Originals" to Richie McCaw's record-breaking back-to-back World Cup champions of 2015, this is the history of the All Blacks as they have never been seen before. Exclusive archival and new material garnered from a vast array of players and coaches, Behind the Silver Fern unveils the compelling truth of what it means to wear the jersey -- all the trials and tribulations behind the scenes, the glory, drama and honour on the field, and the bonds of brotherhood that tie these men together. Absorbing and illuminating, this is the ultimate story of the ABs, by the men who have been there and done it"--Publisher's description
588 0 $aPrint version record.
610 20 $aAll Blacks (Rugby team)$xHistory.
610 20 $aAll Blacks (Rugby team)$vAnecdotes.
650 0 $aRugby Union football$zNew Zealand$xHistory.
650 0 $aRugby Union football$zNew Zealand$vAnecdotes.
650 0 $aRugby Union football players$zNew Zealand$xHistory.
650 0 $aRugby Union football players$zNew Zealand$vAnecdotes.
650 7 $aGAMES$xGambling$xSports.$2bisacsh
650 7 $aSPORTS & RECREATION$xBusiness Aspects.$2bisacsh
650 7 $aSPORTS & RECREATION$xEssays.$2bisacsh
650 7 $aSPORTS & RECREATION$xHistory.$2bisacsh
650 7 $aSPORTS & RECREATION$xReference.$2bisacsh
650 7 $aTRAVEL$xSpecial Interest$xSports.$2bisacsh
610 27 $aAll Blacks (Rugby team)$2fast$0(OCoLC)fst00519911
650 7 $aRugby Union football.$2fast$0(OCoLC)fst01101106
650 7 $aRugby Union football players.$2fast$0(OCoLC)fst01101111
651 7 $aNew Zealand.$2fast$0(OCoLC)fst01204542
655 4 $aElectronic books.
655 7 $aAnecdotes.$2fast$0(OCoLC)fst01423876
655 7 $aHistory.$2fast$0(OCoLC)fst01411628
700 1 $aMcConnell, Lynn,$eauthor.
776 08 $iPrint version:$aJohnson, Tony, 1959-$tBehind the silver fern.$dEdinburgh : Polaris Publishing ; Edinburgh : Arena Sport ; Auckland, New Zealand : Mower Books, 2016$z9781909715424$w(OCoLC)958780481
856 40 $3EBSCOhost$uhttps://search.ebscohost.com/login.aspx?direct=true&scope=site&db=nlebk&db=nlabk&AN=1488627
856 40 $3Internet Archive$uhttps://archive.org/details/behindsilverfern0000john
856 40 $3MyiLibrary$uhttp://www.myilibrary.com?id=956250
856 40 $3Open Library$uhttps://openlibrary.org/books/OL28608582M
938 $aEBSCOhost$bEBSC$n1488627
938 $aProQuest MyiLibrary Digital eBook Collection$bIDEB$ncis36116452
938 $aInternet Archive$bINAR$nbehindsilverfern0000john
994 $aZ0$bP4A
948 $hNO HOLDINGS IN P4A - 151 OTHER HOLDINGS